|
|
|
|
| LEADER |
00000cam a2200000 7i4500 |
| 001 |
0000001340 |
| 005 |
20020130.0 |
| 020 |
0 |
0 |
|a 9832181089 (v. 1) 9832181097 (v. 2) 9832181010 (v. 3) 9832181224 (v. 4)
|
| 090 |
0 |
0 |
|a 634.9072
|b IUF 2000
|
| 110 |
1 |
0 |
|a IUFRO World Congress
|k 2000
|j Kuala Lumpur
|
| 245 |
1 |
0 |
|a Forests and society : the role of research :
|b XXI IUFRO World Congress, 7-12 August 2000, Kuala Lumpur, Malaysia
|c edited by Baskaran Krishnapillay ... (et al.)
|
| 260 |
0 |
0 |
|a Kuala Lumpur :
|b Malaysian XXI IUFRO World Congress Organising Committee ,
|c 2000
|
| 300 |
|
|
|a 3 v.. :
|b ill., maps ;
|c 26 cm.
|
| 500 |
0 |
0 |
|a Includes bibliographical references
|
| 500 |
0 |
0 |
|a v. 1: Sub-plenary sessions v. 2 : Abstracts of group discussions v.3 : Poster abstracts v. 4 : Congress report
|
| 650 |
0 |
0 |
|a Conservation of natural resources
|x Research
|x Congresses
|
| 650 |
0 |
0 |
|a Forest conservation
|x Research
|x Congresses
|
| 650 |
0 |
0 |
|a Forests and forestry
|x Research
|x Congresses
|
| 700 |
0 |
1 |
|a Baskaran Krishnapillay
|
| 998 |
|
|
|a JPSM
|
| 999 |
|
|
|a 0000002345
|b Monograph
|c Open Shelf
|e Default branch
|
| 999 |
|
|
|a 0000002346
|b Monograph
|c Open Shelf
|e Default branch
|
| 999 |
|
|
|a 0000002347
|b Monograph
|c Open Shelf
|e Default branch
|
| 999 |
|
|
|a 0000002860
|b Monograph
|c Open Shelf
|e Default branch
|
| 999 |
|
|
|a 0000004389
|b Monograph
|c Open Shelf
|e Default branch
|
| 999 |
|
|
|a 0000004390
|b Monograph
|c Open Shelf
|e Default branch
|